| 000 | 00741nam a22001817a 4500 | ||
|---|---|---|---|
| 003 | BD-DhUL | ||
| 005 | 20180416102820.0 | ||
| 008 | 180416s2006 nyu||||| |||| 00| 0 eng d | ||
| 040 |
_aBD-DhUL _cBD-DhUL |
||
| 082 |
_a330.95 _bUNC |
||
| 110 | 1 | _aUnited Nations | |
| 245 | 1 | 0 |
_aCommittee on economic, social and cultural rights : _breport on the thirty-fourth and thirty-fifth sessions (25 April-13 May 2005, 7-25 November 2005) / _cUnited Nations. |
| 260 |
_aNew York : _bUnited Nations, _c2006 |
||
| 300 |
_avii, 171 p. : _bill. ; _c30 cm |
||
| 504 | _a"Economic and social council, official records, 2006, supplement no. 2". Includes bibliographical references | ||
| 650 | 0 | _aEconomic situations and conditions | |
| 942 |
_2ddc _cBK |
||
| 999 |
_c240417 _d240417 |
||